<?xml version="1.0" encoding="UTF-8"?>
<record
    xmlns:xsi="http://www.w3.org/2001/XMLSchema-instance"
    xsi:schemaLocation="http://www.loc.gov/MARC21/slim http://www.loc.gov/standards/marcxml/schema/MARC21slim.xsd"
    xmlns="http://www.loc.gov/MARC21/slim">

  <leader>01578nam a2200301 a 4500</leader>
  <controlfield tag="001">000045287</controlfield>
  <controlfield tag="003">DO-SdBNP</controlfield>
  <controlfield tag="005">20230327144422.0</controlfield>
  <controlfield tag="007">ta</controlfield>
  <controlfield tag="008">150224s1986    dr ac   r     000 0 spa d</controlfield>
  <datafield tag="040" ind1=" " ind2=" ">
    <subfield code="a">DO-SdBNP</subfield>
    <subfield code="b">spa</subfield>
    <subfield code="c">BNPHU</subfield>
  </datafield>
  <datafield tag="082" ind1=" " ind2="4">
    <subfield code="a">720.97293</subfield>
    <subfield code="b">C162a</subfield>
    <subfield code="2">22</subfield>
  </datafield>
  <datafield tag="100" ind1="1" ind2=" ">
    <subfield code="a">Calventi, Rafael,</subfield>
    <subfield code="9">22303</subfield>
    <subfield code="d">1932</subfield>
  </datafield>
  <datafield tag="245" ind1="1" ind2="0">
    <subfield code="a">Arquitectura contempor&#xE1;nea en Rep&#xFA;blica Dominicana  =</subfield>
    <subfield code="b">Contemporary architecture in the Dominican Republic /</subfield>
    <subfield code="c">Rafael Calventi; fotograf&#xED;as, Onorio Montas; traducci&#xF3;n Arturo Calventi Thomen.</subfield>
  </datafield>
  <datafield tag="246" ind1="1" ind2="3">
    <subfield code="a">Contemporary architecture in the Dominican Republic</subfield>
  </datafield>
  <datafield tag="260" ind1=" " ind2=" ">
    <subfield code="a">Santo Domingo :</subfield>
    <subfield code="b">Banco Nacional de la Vivienda,</subfield>
    <subfield code="c">1986.</subfield>
  </datafield>
  <datafield tag="300" ind1=" " ind2=" ">
    <subfield code="a">222 p. :</subfield>
    <subfield code="b">il., fots. ;</subfield>
    <subfield code="c">29 cm.</subfield>
  </datafield>
  <datafield tag="490" ind1="0" ind2=" ">
    <subfield code="a">Banco Nacional de la Vivienda</subfield>
  </datafield>
  <datafield tag="500" ind1=" " ind2=" ">
    <subfield code="a">Incluye datos biogr&#xE1;ficos del autor en las solapas</subfield>
  </datafield>
  <datafield tag="504" ind1=" " ind2=" ">
    <subfield code="a">Bibliograf&#xED;a: p. 221-222</subfield>
  </datafield>
  <datafield tag="505" ind1=" " ind2=" ">
    <subfield code="a">Introducci&#xF3;n --</subfield>
    <subfield code="t">Historia --</subfield>
    <subfield code="t">Un breve discurso sobre la arquitectura en la historia dominicana : (1492-1965) / </subfield>
    <subfield code="r">Gustavo L. Mor&#xE9;, Arquiecto --</subfield>
    <subfield code="t">Proyectos --</subfield>
    <subfield code="t">Casas unifamiliares y de vacaciones --</subfield>
    <subfield code="t">Casas multifamiliares --</subfield>
    <subfield code="t">Hoteles --</subfield>
    <subfield code="t">Arte y cultura --</subfield>
    <subfield code="t">Iglesias --</subfield>
    <subfield code="t">Deporte --</subfield>
    <subfield code="t">Oficinas y bancos --</subfield>
    <subfield code="t">Centros comerciales y administrativos --</subfield>
    <subfield code="t">Hospitales --</subfield>
    <subfield code="t">Miscel&#xE1;nea --  </subfield>
    <subfield code="t">Notas bibliogr&#xE1;ficas</subfield>
  </datafield>
  <datafield tag="590" ind1=" " ind2=" ">
    <subfield code="a">Inventariado, 2019/BT</subfield>
  </datafield>
  <datafield tag="650" ind1=" " ind2="4">
    <subfield code="a">Arquitectura</subfield>
    <subfield code="z">Rep&#xFA;blica Dominicana</subfield>
    <subfield code="9">54378</subfield>
    <subfield code="x">Historia </subfield>
    <subfield code="y">Siglo XX</subfield>
  </datafield>
  <datafield tag="700" ind1="1" ind2=" ">
    <subfield code="a">Montas, Onorio,</subfield>
    <subfield code="e">fots.</subfield>
    <subfield code="9">59042</subfield>
  </datafield>
  <datafield tag="700" ind1="1" ind2=" ">
    <subfield code="a">Calventi Thomen, Arturo,</subfield>
    <subfield code="e">tr.</subfield>
    <subfield code="9">73312</subfield>
  </datafield>
  <datafield tag="910" ind1=" " ind2=" ">
    <subfield code="a">Validado. Control de calidad MFF</subfield>
  </datafield>
  <datafield tag="942" ind1=" " ind2=" ">
    <subfield code="2">ddc</subfield>
    <subfield code="c">LBS1</subfield>
  </datafield>
  <datafield tag="952" ind1=" " ind2=" ">
    <subfield code="0">0</subfield>
    <subfield code="1">0</subfield>
    <subfield code="2">ddc</subfield>
    <subfield code="5">6</subfield>
    <subfield code="7">0</subfield>
    <subfield code="8">DS</subfield>
    <subfield code="a">BNPHU</subfield>
    <subfield code="b">BNPHU</subfield>
    <subfield code="c">HD</subfield>
    <subfield code="d">2019-04-01</subfield>
    <subfield code="o">BNPHU DS 720.97293 C162a</subfield>
    <subfield code="p">45287-30</subfield>
    <subfield code="r">2020-06-25</subfield>
    <subfield code="t">e. 3</subfield>
    <subfield code="w">2020-06-25</subfield>
    <subfield code="y">LBS1</subfield>
    <subfield code="z">Perteneci&#xF3; a la biblioteca personal de Guaroa Ginebra </subfield>
  </datafield>
  <datafield tag="952" ind1=" " ind2=" ">
    <subfield code="0">0</subfield>
    <subfield code="1">0</subfield>
    <subfield code="2">ddc</subfield>
    <subfield code="5">1</subfield>
    <subfield code="7">0</subfield>
    <subfield code="8">PD</subfield>
    <subfield code="a">BNPHU</subfield>
    <subfield code="b">BNPHU</subfield>
    <subfield code="c">HD</subfield>
    <subfield code="d">2015-02-24</subfield>
    <subfield code="o">BNPHU PD 720.97293 C162a</subfield>
    <subfield code="p">45287-10</subfield>
    <subfield code="r">2020-06-25</subfield>
    <subfield code="w">2020-06-25</subfield>
    <subfield code="y">LBS1</subfield>
  </datafield>
  <datafield tag="952" ind1=" " ind2=" ">
    <subfield code="0">0</subfield>
    <subfield code="1">0</subfield>
    <subfield code="2">ddc</subfield>
    <subfield code="5">1</subfield>
    <subfield code="7">0</subfield>
    <subfield code="8">PD</subfield>
    <subfield code="a">BNPHU</subfield>
    <subfield code="b">BNPHU</subfield>
    <subfield code="c">HD</subfield>
    <subfield code="d">2015-02-24</subfield>
    <subfield code="o">BNPHU PD 720.97293 C162a</subfield>
    <subfield code="p">45287-20</subfield>
    <subfield code="r">2020-06-25</subfield>
    <subfield code="t">e. 2</subfield>
    <subfield code="w">2020-06-25</subfield>
    <subfield code="y">LBS1</subfield>
    <subfield code="z">Perteneci&#xF3; a la biblioteca personal de Guaroa Ginebra </subfield>
  </datafield>
  <datafield tag="952" ind1=" " ind2=" ">
    <subfield code="0">0</subfield>
    <subfield code="1">0</subfield>
    <subfield code="2">ddc</subfield>
    <subfield code="5">6</subfield>
    <subfield code="7">0</subfield>
    <subfield code="8">DS</subfield>
    <subfield code="a">BNPHU</subfield>
    <subfield code="b">BNPHU</subfield>
    <subfield code="c">HD</subfield>
    <subfield code="d">2023-03-21</subfield>
    <subfield code="e">Donado por Lourdes Delgado</subfield>
    <subfield code="o">BNPHU DS 720.97293 C162a</subfield>
    <subfield code="p">2023-1215</subfield>
    <subfield code="r">2021-01-15</subfield>
    <subfield code="t">e. 5</subfield>
    <subfield code="w">2021-01-15</subfield>
    <subfield code="y">LBS1</subfield>
  </datafield>
  <datafield tag="952" ind1=" " ind2=" ">
    <subfield code="0">0</subfield>
    <subfield code="1">0</subfield>
    <subfield code="2">ddc</subfield>
    <subfield code="5">6</subfield>
    <subfield code="7">0</subfield>
    <subfield code="8">DS</subfield>
    <subfield code="a">BNPHU</subfield>
    <subfield code="b">BNPHU</subfield>
    <subfield code="c">HD</subfield>
    <subfield code="d">2022-03-17</subfield>
    <subfield code="e">Donaci&#xF3;n</subfield>
    <subfield code="o">BNPHU DS  720.97293 C162a</subfield>
    <subfield code="p">2022-0903</subfield>
    <subfield code="r">2022-03-17</subfield>
    <subfield code="t">e.4</subfield>
    <subfield code="w">2022-03-17</subfield>
    <subfield code="y">LBS1</subfield>
  </datafield>
  <datafield tag="999" ind1=" " ind2=" ">
    <subfield code="c">44776</subfield>
    <subfield code="d">44776</subfield>
  </datafield>
</record>
